[Event "Junior Online 4NCL Division 3"]
[Site "online"]
[Date "2021.09.30"]
[EventDate "2021.09.30"]
[Round "4.75"]
[White "Vasudeva, Arya"]
[WhiteElo "1046"]
[WhiteTeam "Barnet Knights C"]
[Black "Mouratidis, Markos"]
[BlackElo "1253"]
[BlackTeam "Brentwood School B"]
[Result "0-1"]
[PlyCount "94"]

1. e4 e5 2. Nf3 Nc6 3. Bb5 Bc5 4. Bxc6 bxc6 5. Nc3 d6 6. d3 h6 7. Bd2 Nf6 8. O-O Bg4 9. h3 Bh5 10. Re1 Bd4 11. Nxd4 Bxd1 12. Raxd1 exd4 13. Ne2 c5 14. c4 O-O 15. Nf4 c6 16. e5 dxe5 17. Rxe5 Qd6 18. Ree1 Rab8 19. Bc1 Rfe8 20. Rxe8+ Rxe8 21. Bd2 g5 22. Ne2 Rxe2 23. Kf1 Re8 24. Re1 Rxe1+ 25. Kxe1 Qh2 26. g4 Qxh3 27. Ke2 Qxg4+ 28. f3 Qg2+ 29. Ke1 Nh5 30. b4 Ng3 31. Kd1 Qf1+ 32. Kc2 Qe2 33. Kc1 Nf1 34. Kc2 Qxd2+ 35. Kb3 cxb4 36. Ka4 Qxa2+ 37. Kxb4 a5+ 38. Kc5 Qa3+ 39. Kxd4 Qd6+ 40. Kc3 a4 41. Kb2 a3+ 42. Ka2 Nd2 43. Ka1 Qxd3 44. c5 Nxf3 45. Ka2 Ne5 46. Ka1 Qc3+ 47. Ka2 Qb2# 0-1

[Event "Junior Online 4NCL Division 3"]
[Site "online"]
[Date "2021.09.30"]
[EventDate "2021.09.30"]
[Round "4.76"]
[White "Kovalev, Rostislav"]
[WhiteElo "1032"]
[WhiteTeam "Brentwood School B"]
[Black "Scheffel, Oliver"]
[BlackElo "1126"]
[BlackTeam "Barnet Knights C"]
[Result "1-0"]
[PlyCount "57"]

1. e4 e5 2. Nf3 Nc6 3. Bc4 Nf6 4. Ng5 d5 5. exd5 Ne7 6. d6 cxd6 7. Nxf7 Qb6 8. Nxh8 Ne4 9. O-O Nf5 10. Qh5+ Kd7 11. Qxf5+ Ke7 12. Qxe4 g6 13. d3 Bf5 14. Qh4+ Kd7 15. Nf7 Be7 16. Bg5 Bxg5 17. Nxg5 Qxb2 18. Qxh7+ Kc6 19. Nd2 Qxc2 20. Ndf3 Bxd3 21. Bxd3 Qxd3 22. Rfc1+ Kb6 23. Rab1+ Ka5 24. Qxb7 Rf8 25. Qxa7+ Qa6 26. Qxa6+ Kxa6 27. Rc3 Rf4 28. Ra3+ Ra4 29. Rxa4# 1-0

[Event "Junior Online 4NCL Division 3"]
[Site "online"]
[Date "2021.09.30"]
[EventDate "2021.09.30"]
[Round "4.77"]
[White "Malus, Sean"]
[WhiteElo "1084"]
[WhiteTeam "Barnet Knights C"]
[Black "Van Enckevort, Noah"]
[BlackElo "995"]
[BlackTeam "Brentwood School B"]
[Result "0-1"]
[PlyCount "65"]

1. e4 e5 2. Nf3 Nc6 3. Bc4 Nf6 4. Ng5 Qe7 5. Bxf7+ Kd8 6. Nc3 h6 7. Nd5 Nxd5 8. exd5 Qxg5 9. dxc6 Qxg2 10. Rf1 bxc6 11. Qe2 Qxh2 12. a4 Ke7 13. Bh5 d5 14. Ra3 d4 15. Rf3 Qxh5 16. d3 Bg4 17. Rf7+ Qxf7 18. Qxg4 h5 19. Qe4 g6 20. Kd1 Bh6 21. Qxe5+ Kd7 22. Qxd4+ Qd5 23. Qxd5+ cxd5 24. f4 Raf8 25. b3 g5 26. Bb2 Rhg8 27. Ba3 Rxf4 28. Re1 g4 29. Re7+ Kc8 30. Kc1 Bf8 31. Re8+ Kd7 32. Rb8 Bxa3+ 33. Kd1 0-1

[Event "Junior Online 4NCL Division 3"]
[Site "online"]
[Date "2021.09.30"]
[EventDate "2021.09.30"]
[Round "4.81"]
[White "Kammin, Samuel"]
[WhiteElo "1715"]
[WhiteTeam "Farnham Fantasticos A"]
[Black "Grahame, Silas"]
[BlackElo "927"]
[BlackTeam "Harrow Juniors E"]
[Result "1-0"]
[PlyCount "33"]

1. d4 d5 2. Nf3 Nc6 3. c4 Nf6 4. cxd5 Nxd5 5. e4 Bg4 6. exd5 Bxf3 7. Qxf3 Nxd4 8. Qe4 Nb5 9. Bxb5+ c6 10. dxc6 Qa5+ 11. Nc3 e6 12. cxb7+ Kd8 13. bxa8=Q+ Ke7 14. Bg5+ f6 15. Qab7+ Kd6 16. Qbc6+ Ke7 17. Qd7# 1-0

[Event "Junior Online 4NCL Division 3"]
[Site "online"]
[Date "2021.09.30"]
[EventDate "2021.09.30"]
[Round "4.82"]
[White "Wang, Xiling"]
[WhiteElo "889"]
[WhiteTeam "Harrow Juniors E"]
[Black "Amos, Michael"]
[BlackElo "1690"]
[BlackTeam "Farnham Fantasticos A"]
[Result "0-1"]
[PlyCount "132"]

1. e4 d5 2. exd5 Nf6 3. Nc3 Nxd5 4. Nxd5 Qxd5 5. Nf3 Bg4 6. Be2 Nc6 7. b3 O-O-O 8. Bc4 Qe4+ 9. Be2 Nd4 10. Nxd4 Qxd4 11. Bxg4+ e6 12. Be2 Qxa1 13. O-O Qf6 14. d3 Bc5 15. Be3 Bxe3 16. fxe3 Qe7 17. d4 Rd5 18. Qd3 Rg5 19. Bf3 Qd6 20. Qe4 c6 21. g3 h5 22. Qf4 Qxf4 23. exf4 Ra5 24. a4 Kc7 25. g4 hxg4 26. Bxg4 Rh4 27. Be2 Rd5 28. c3 Rf5 29. Kh1 Rfxf4 30. Rg1 Rf2 31. Rg2 Rxg2 32. Kxg2 Re4 33. Bf3 Re3 34. Kf2 Rxc3 35. b4 Rc4 36. Ke3 Rxb4 37. Bd1 Kd6 38. Ke4 Kc7 39. h4 Kb6 40. Ke5 Kc7 41. Ke4 Kd6 42. Bc2 c5 43. Kd3 Rxd4+ 44. Kc3 Rxh4 45. Kd3 Rh3+ 46. Kd2 Rh2+ 47. Kc3 Rxc2+ 48. Kxc2 a6 49. a5 Kd5 50. Kc3 e5 51. Kd3 f5 52. Ke3 g5 53. Ke2 g4 54. Kf2 f4 55. Ke2 Kd4 56. Kd2 c4 57. Ke2 e4 58. Ke1 Kd3 59. Kd1 e3 60. Ke1 f3 61. Kf1 g3 62. Kg1 c3 63. Kf1 Kc4 64. Ke1 Kd3 65. Kd1 g2 66. Kc1 g1=Q# 0-1

[Event "Junior Online 4NCL Division 3"]
[Site "online"]
[Date "2021.09.30"]
[EventDate "2021.09.30"]
[Round "4.83"]
[White "Warren, Archie"]
[WhiteElo "1462"]
[WhiteTeam "Farnham Fantasticos A"]
[Black "Patel-Davis, Riyan"]
[BlackElo "842"]
[BlackTeam "Harrow Juniors E"]
[Result "1-0"]
[PlyCount "117"]

1. d4 d5 2. Bf4 Bf5 3. c4 c6 4. Nc3 Nf6 5. e3 e6 6. Qb3 Bd6 7. Bg3 Ne4 8. Nxe4 Bxe4 9. Qxb7 Qd7 10. Qxa8 Ke7 11. Bxd6+ Kxd6 12. c5+ Ke7 13. Nh3 f6 14. f3 Bf5 15. Nf4 e5 16. dxe5 fxe5 17. Nd3 e4 18. Ne5 Qc7 19. f4 Qa5+ 20. Ke2 Qc7 21. Kf2 Ke6 22. g3 d4 23. Bc4+ Kf6 24. exd4 g6 25. Nxc6 Qxc6 26. Qxc6+ Nxc6 27. Ke3 Rb8 28. b3 Nb4 29. Kd2 e3+ 30. Ke2 Bg4+ 31. Ke1 Nc2+ 32. Kf1 Nxa1 33. Bd3 e2+ 34. Kf2 Re8 35. Rxa1 g5 36. Re1 gxf4 37. gxf4 h5 38. Bxe2 Bf5 39. Bxh5 Rh8 40. Bf3 Rxh2+ 41. Ke3 Ke7 42. a3 Ra2 43. a4 Rb2 44. Bd5 a5 45. Kf3+ Kf6 46. Rc1 Bc2 47. c6 Bxb3 48. Bxb3 Rxb3+ 49. Ke4 Rb8 50. c7 Rc8 51. d5 Ke7 52. Ke5 Kd7 53. d6 Ke8 54. Ke6 Kf8 55. d7 Ra8 56. c8=Q+ Rxc8 57. dxc8=Q+ Kg7 58. Rg1+ Kh6 59. Qh8# 1-0

[Event "Junior Online 4NCL Division 3"]
[Site "online"]
[Date "2021.09.30"]
[EventDate "2021.09.30"]
[Round "4.84"]
[White "Horwood, Alexander"]
[WhiteElo "627"]
[WhiteTeam "Harrow Juniors E"]
[Black "Amos, Alice"]
[BlackElo "1431"]
[BlackTeam "Farnham Fantasticos A"]
[Result "0-1"]
[PlyCount "60"]

1. e4 c6 2. d4 d5 3. e5 Bf5 4. c4 e6 5. Bd3 Bxd3 6. Qxd3 c5 7. cxd5 Qxd5 8. Qb5+ Qc6 9. a4 Qxb5 10. axb5 cxd4 11. Nf3 Bc5 12. O-O a6 13. Rd1 f6 14. Nxd4 Bxd4 15. Rxd4 fxe5 16. Re4 Nd7 17. Nd2 Ngf6 18. Re1 O-O 19. Nc4 axb5 20. Bg5 bxc4 21. f4 Rxa1 22. Rxa1 exf4 23. Bxf4 Nd5 24. Bd6 Rf6 25. Be7 Nxe7 26. Ra7 Nc5 27. Ra8+ Rf8 28. Ra5 Ne4 29. Re5 Nd2 30. Rxe6 Rf1# 0-1

[Event "Junior Online 4NCL Division 3"]
[Site "online"]
[Date "2021.09.30"]
[EventDate "2021.09.30"]
[Round "4.85"]
[White "Grahame, Silas"]
[WhiteElo "927"]
[WhiteTeam "Harrow Juniors E"]
[Black "Kammin, Samuel"]
[BlackElo "1715"]
[BlackTeam "Farnham Fantasticos A"]
[Result "0-1"]
[PlyCount "68"]

1. d4 e6 2. c4 f5 3. Nc3 Nf6 4. Nf3 Bb4 5. Bg5 O-O 6. Bxf6 Qxf6 7. e3 b6 8. Bd3 Bb7 9. Nd2 d6 10. O-O Nd7 11. Qh5 Qe7 12. e4 Nf6 13. Qh3 Bxc3 14. bxc3 Nxe4 15. Nxe4 fxe4 16. Be2 Qg5 17. Qxe6+ Kh8 18. d5 Rae8 19. Qd7 Re7 20. Qb5 e3 21. fxe3 Qxe3+ 22. Kh1 Rxf1+ 23. Rxf1 h6 24. Rf8+ Kh7 25. Qb1+ g6 26. h3 Qxe2 27. Qb3 Qe1+ 28. Kh2 Qe5+ 29. Kh1 Qg3 30. Qb1 Re1+ 31. Qxe1 Qxe1+ 32. Kh2 Qxc3 33. Rf7+ Kg8 34. Rxc7 Ba6 0-1

[Event "Junior Online 4NCL Division 3"]
[Site "online"]
[Date "2021.09.30"]
[EventDate "2021.09.30"]
[Round "4.87"]
[White "Patel-Davis, Riyan"]
[WhiteElo "842"]
[WhiteTeam "Harrow Juniors E"]
[Black "Warren, Archie"]
[BlackElo "1462"]
[BlackTeam "Farnham Fantasticos A"]
[Result "0-1"]
[PlyCount "36"]

1. e4 c5 2. Nc3 d6 3. Nf3 Nf6 4. Bc4 e6 5. e5 dxe5 6. Nxe5 Bd7 7. Nxd7 Nbxd7 8. Bb5 a6 9. Ba4 b5 10. Bb3 c4 11. Qe2 cxb3 12. axb3 Qb6 13. O-O Bd6 14. d3 O-O 15. Bg5 Qc5 16. Qf3 Qxg5 17. Qb7 Qh5 18. Rxa6 Qxh2# 0-1

[Event "Junior Online 4NCL Division 3"]
[Site "online"]
[Date "2021.09.30"]
[EventDate "2021.09.30"]
[Round "4.88"]
[White "Amos, Alice"]
[WhiteElo "1431"]
[WhiteTeam "Farnham Fantasticos A"]
[Black "Horwood, Alexander"]
[BlackElo "627"]
[BlackTeam "Harrow Juniors E"]
[Result "1-0"]
[PlyCount "27"]

1. d4 e5 2. d5 c6 3. c4 d6 4. Nc3 Nf6 5. Bg5 c5 6. Nf3 b5 7. e4 Qa5 8. cxb5 Nxe4 9. Qc2 Bf5 10. Bd3 Qb4 11. a3 Qd4 12. Nxd4 cxd4 13. Nxe4 Bxe4 14. Qc8# 1-0

[Event "Junior Online 4NCL Division 3"]
[Site "online"]
[Date "2021.09.30"]
[EventDate "2021.09.30"]
[Round "4.91"]
[White "Bharat Kumar, Balahari"]
[WhiteElo "1489"]
[WhiteTeam "Desert Penguins Saturn"]
[Black "Bedretdinov, Rasul"]
[BlackElo "1155"]
[BlackTeam "Tetherdown Bishops"]
[Result "1-0"]
[PlyCount "79"]

1. d4 d5 2. c4 e6 3. Nc3 Nf6 4. Bg5 Be7 5. e3 O-O 6. Nf3 Nbd7 7. Bd3 dxc4 8. Bxc4 b6 9. O-O Bb7 10. Qe2 h6 11. Bh4 a6 12. a4 a5 13. Rac1 Ne4 14. Bxe7 Qxe7 15. Nb5 Ndf6 16. Ne5 Nd6 17. Bd3 Nxb5 18. axb5 Be4 19. Bxe4 Nxe4 20. Qc2 f6 21. Ng6 Qf7 22. Nxf8 Qxf8 23. Qxe4 Rc8 24. Qxe6+ Kh8 25. Rc6 Re8 26. Qc4 Rc8 27. Rxc7 Rxc7 28. Qxc7 Qb4 29. Qc8+ Kh7 30. Qf5+ Kh8 31. Rc1 Kg8 32. Rc8+ Kf7 33. Qd7+ Kg6 34. Qe8+ Kf5 35. Qh5+ Ke4 36. Qf3+ Kd3 37. Qf5+ Ke2 38. Rc2+ Kd1 39. Qd3+ Qd2 40. Qxd2# 1-0

[Event "Junior Online 4NCL Division 3"]
[Site "online"]
[Date "2021.09.30"]
[EventDate "2021.09.30"]
[Round "4.92"]
[White "Kirk, Alex"]
[WhiteElo "1111"]
[WhiteTeam "Tetherdown Bishops"]
[Black "Longia-Zaidi, Ismail"]
[BlackElo "1317"]
[BlackTeam "Desert Penguins Saturn"]
[Result "0-1"]
[PlyCount "78"]

1. e4 c5 2. Nf3 d6 3. Nc3 e6 4. Bc4 Nf6 5. e5 dxe5 6. Nxe5 Be7 7. d3 O-O 8. O-O a6 9. Qf3 Nbd7 10. Re1 Rb8 11. Qg3 b5 12. Nxd7 Bxd7 13. Re5 Bd6 14. Bh6 Nh5 15. Qg4 Bxe5 16. d4 Bxd4 17. Bd3 Qf6 18. Bg5 Qxf2+ 19. Kh1 Bc6 20. Ne4 f5 21. Nxf2 fxg4 22. Nxg4 h6 23. Be7 Rf7 24. Bd6 Rd8 25. Bc7 Rc8 26. Bd6 Nf4 27. Bxf4 Rxf4 28. Nxh6+ gxh6 29. h3 Rf2 30. Kg1 Rxg2+ 31. Kf1 Rg1+ 32. Ke2 Rxa1 33. Kd2 Rxa2 34. c3 Rxb2+ 35. Kc1 Bxc3 36. Kd1 Rd8 37. Kc1 Rxd3 38. h4 Re3 39. h5 Re1# 0-1

[Event "Junior Online 4NCL Division 3"]
[Site "online"]
[Date "2021.09.30"]
[EventDate "2021.09.30"]
[Round "4.93"]
[White "Mo, Alex"]
[WhiteElo "1304"]
[WhiteTeam "Desert Penguins Saturn"]
[Black "Murphy, Sam"]
[BlackElo "1105"]
[BlackTeam "Tetherdown Bishops"]
[Result "1-0"]
[PlyCount "193"]

1. d4 d5 2. c4 e6 3. Nc3 Nf6 4. Bg5 Be7 5. e3 Nc6 6. cxd5 exd5 7. Bd3 Be6 8. Nf3 h6 9. Bh4 Nd7 10. Bxe7 Qxe7 11. O-O O-O 12. a3 Nf6 13. Qc2 Rfd8 14. b4 a6 15. Rfb1 b5 16. Qb2 Rdb8 17. a4 bxa4 18. Rxa4 Rb6 19. b5 Nb8 20. Qa2 Qd6 21. Ra1 Bd7 22. Qa3 Qxa3 23. R4xa3 c6 24. bxa6 Be8 25. a7 Nbd7 26. Ra5 Rb3 27. R5a3 Rb7 28. Bf5 Nb6 29. Nd2 g6 30. Bh3 h5 31. Nb3 Nc4 32. Nc5 Nxa3 33. Nxb7 Rxa7 34. Nc5 Ra5 35. Nb3 Ra7 36. Nb1 Nb5 37. Rxa7 Nxa7 38. Nc5 Nb5 39. Nd2 Kf8 40. g3 Ke7 41. Nf3 Nd7 42. Nxd7 Bxd7 43. Bxd7 Kxd7 44. Ne5+ Ke6 45. Kf1 Na7 46. Ke2 g5 47. Kd3 f6 48. Nf3 Nc8 49. h3 Nd6 50. g4 h4 51. Nd2 f5 52. f3 fxg4 53. fxg4 Kf6 54. Nb3 Ke6 55. Nc5+ Ke7 56. e4 dxe4+ 57. Nxe4 Nxe4 58. Kxe4 Ke6 59. Ke3 Kd5 60. Kd3 Kd6 61. Kc4 Kd7 62. Kc5 Kc7 63. d5 cxd5 64. Kxd5 Kd7 65. Ke5 Ke7 66. Kf5 Kf7 67. Kxg5 Kg7 68. Kf5 Kh6 69. g5+ Kg7 70. Kg4 Kg6 71. Kxh4 Kg7 72. Kh5 Kh7 73. g6+ Kg7 74. Kg5 Kg8 75. Kf6 Kf8 76. h4 Kg8 77. h5 Kf8 78. h6 Kg8 79. Kg5 Kh8 80. h7 Kg7 81. Kf5 Kh8 82. Ke6 Kg7 83. h8=Q+ Kxh8 84. Kf6 Kg8 85. g7 Kh7 86. Kf7 Kh6 87. g8=Q Kh5 88. Qg7 Kh4 89. Qg6 Kh3 90. Qg5 Kh2 91. Qg4 Kh1 92. Kf6 Kh2 93. Kf5 Kh1 94. Kf4 Kh2 95. Kf3 Kh1 96. Kf2 Kh2 97. Qg2# 1-0

[Event "Junior Online 4NCL Division 3"]
[Site "online"]
[Date "2021.09.30"]
[EventDate "2021.09.30"]
[Round "4.95"]
[White "Bedretdinov, Rasul"]
[WhiteElo "1155"]
[WhiteTeam "Tetherdown Bishops"]
[Black "Bharat Kumar, Balahari"]
[BlackElo "1489"]
[BlackTeam "Desert Penguins Saturn"]
[Result "0-1"]
[PlyCount "66"]

1. e4 c5 2. Nf3 d6 3. d4 cxd4 4. Nxd4 Nf6 5. Nc3 a6 6. f3 e6 7. Be3 b5 8. Qd2 Bb7 9. g4 Be7 10. g5 Nfd7 11. O-O-O Nb6 12. f4 N8d7 13. f5 e5 14. Nde2 Rc8 15. Kb1 Nc4 16. Qd3 Nxe3 17. Qxe3 Qc7 18. Rc1 Nb6 19. f6 gxf6 20. gxf6 Bxf6 21. Bh3 Rb8 22. Rhf1 Be7 23. Qf3 Rf8 24. Qh5 b4 25. Be6 bxc3 26. Rxf7 Kd8 27. Nxc3 Nc4 28. Ka1 Nxb2 29. Rcf1 Re8 30. Nd5 Bxd5 31. exd5 Qc3 32. a4 Nd3+ 33. Ka2 Qb2# 0-1

[Event "Junior Online 4NCL Division 3"]
[Site "online"]
[Date "2021.09.30"]
[EventDate "2021.09.30"]
[Round "4.96"]
[White "Longia-Zaidi, Ismail"]
[WhiteElo "1317"]
[WhiteTeam "Desert Penguins Saturn"]
[Black "Kirk, Alex"]
[BlackElo "1111"]
[BlackTeam "Tetherdown Bishops"]
[Result "1-0"]
[PlyCount "61"]

1. d4 d5 2. c4 e6 3. Nc3 Nf6 4. Nf3 Nc6 5. Bf4 Bb4 6. a3 Bxc3+ 7. bxc3 Ne4 8. Qc2 O-O 9. e3 b6 10. cxd5 exd5 11. Bd3 Bf5 12. O-O Re8 13. Ne5 Nxe5 14. Bxe5 Qg5 15. Bf4 Qg6 16. f3 Bh3 17. Kh1 f5 18. gxh3 Qh5 19. fxe4 fxe4 20. Bb5 Rf8 21. Rg1 Qxh3 22. Qe2 g6 23. Bc6 Rad8 24. Bxc7 Rc8 25. Bxd5+ Kg7 26. Be5+ Kh6 27. Rg3 Qh4 28. Qg2 Rf5 29. Rh3 Qxh3 30. Qxh3+ Kg5 31. Rg1# 1-0

[Event "Junior Online 4NCL Division 3"]
[Site "online"]
[Date "2021.09.30"]
[EventDate "2021.09.30"]
[Round "4.97"]
[White "Murphy, Sam"]
[WhiteElo "1105"]
[WhiteTeam "Tetherdown Bishops"]
[Black "Mo, Alex"]
[BlackElo "1304"]
[BlackTeam "Desert Penguins Saturn"]
[Result "1/2-1/2"]
[PlyCount "68"]

1. d4 d5 2. c4 e6 3. Nc3 Nf6 4. Bf4 Bd6 5. Bg3 Nbd7 6. e3 O-O 7. Nf3 b6 8. Bd3 c5 9. Bxd6 Bb7 10. Bxf8 Qxf8 11. O-O Qd6 12. Re1 Ng4 13. h3 Nh6 14. Qc2 Nf6 15. Nb5 Qb8 16. Ng5 g6 17. Nf3 a6 18. Na3 dxc4 19. Nxc4 Qc7 20. Rac1 Bxf3 21. gxf3 b5 22. Ne5 c4 23. Be2 Nd5 24. f4 Qe7 25. Qe4 Qh4 26. Qg2 Nf5 27. Nf3 Qh6 28. Bd1 f6 29. e4 Nxf4 30. Qf1 Nxh3+ 31. Kg2 Nf4+ 32. Kg1 Nh3+ 33. Kg2 Nf4+ 34. Kg1 Nh3+ 1/2-1/2

[Event "Junior Online 4NCL Division 3"]
[Site "online"]
[Date "2021.09.30"]
[EventDate "2021.09.30"]
[Round "4.101"]
[White "Chung, Daniel"]
[WhiteElo "1479"]
[WhiteTeam "Young Dragons B"]
[Black "Zhou, Richard"]
[BlackElo "1300"]
[BlackTeam "Edgware Gambits D"]
[Result "1-0"]
[PlyCount "41"]

1. d4 Nf6 2. g3 d5 3. Bg2 e6 4. Bg5 Be7 5. Nf3 Ne4 6. Bxe7 Qxe7 7. Nbd2 Nc6 8. O-O O-O 9. e3 b6 10. c4 Ba6 11. Rc1 Qb4 12. b3 dxc4 13. Nxc4 Na5 14. Qc2 Nd6 15. Nfd2 Rac8 16. a3 Qxd2 17. Nxd2 Bxf1 18. Bxf1 Nab7 19. Ba6 Rfd8 20. Ne4 Nxe4 21. Bxb7 1-0

[Event "Junior Online 4NCL Division 3"]
[Site "online"]
[Date "2021.09.30"]
[EventDate "2021.09.30"]
[Round "4.102"]
[White "Jowell, Leo"]
[WhiteElo "1291"]
[WhiteTeam "Edgware Gambits D"]
[Black "Davies, Milo"]
[BlackElo "1482"]
[BlackTeam "Young Dragons B"]
[Result "1-0"]
[PlyCount "105"]

1. d4 d5 2. c4 e6 3. Nc3 Nf6 4. Nf3 c5 5. cxd5 exd5 6. dxc5 Bxc5 7. Qa4+ Nc6 8. Bf4 O-O 9. Rd1 Be6 10. e4 d4 11. Nb5 Nxe4 12. Nbxd4 Nxd4 13. Nxd4 Qb6 14. Nxe6 Bxf2+ 15. Ke2 Qxe6 16. Be3 Nc3+ 17. Kxf2 Qf5+ 18. Qf4 Nxd1+ 19. Kf3 Nxe3 20. Kxe3 Rfe8+ 21. Kf3 Qxf4+ 22. Kxf4 Re1 23. g3 Rd8 24. Bg2 Rxh1 25. Bxh1 Rd2 26. Bxb7 Rxb2 27. Bc6 Rb1 28. h4 Rb2 29. a3 f6 30. g4 Kf7 31. Be4 Ra2 32. Bd5+ Ke7 33. Bxa2 g6 34. g5 fxg5+ 35. hxg5 Kf8 36. a4 a5 37. Ke5 Kg7 38. Kd5 h6 39. gxh6+ Kxh6 40. Kc5 g5 41. Kb5 g4 42. Kxa5 g3 43. Bd5 Kg5 44. Kb6 Kf4 45. a5 Ke5 46. Bc6 Kf4 47. a6 Ke3 48. a7 Kf2 49. a8=Q g2 50. Bxg2 Ke3 51. Qe4+ Kd2 52. Qd4+ Ke2 53. Kc5 1-0

[Event "Junior Online 4NCL Division 3"]
[Site "online"]
[Date "2021.09.30"]
[EventDate "2021.09.30"]
[Round "4.103"]
[White "Nukalapati, Sarthak"]
[WhiteElo "1493"]
[WhiteTeam "Young Dragons B"]
[Black "Dalah, Jacob"]
[BlackElo "1125"]
[BlackTeam "Edgware Gambits D"]
[Result "1-0"]
[PlyCount "123"]

1. e4 e5 2. Nf3 Nc6 3. Nc3 Nf6 4. d4 exd4 5. Nxd4 Bc5 6. Nxc6 bxc6 7. Bd3 d5 8. exd5 Ng4 9. Qe2+ Qe7 10. Qxe7+ Kxe7 11. O-O Nxf2 12. Rxf2 Bxf2+ 13. Kxf2 cxd5 14. Nxd5+ Kd6 15. Be4 Bb7 16. Bf4+ Kc5 17. b4+ Kd4 18. c3+ Kxe4 19. Re1+ Kxd5 20. Re7 Kc4 21. Rxc7+ Kd3 22. Rxb7 Kxc3 23. Be5+ Kc4 24. Bxg7 Rab8 25. Rc7+ Kxb4 26. Bxh8 Rxh8 27. Rxa7 Rd8 28. Kg3 Rd3+ 29. Kh4 Rd4+ 30. Kh3 Rd3+ 31. g3 Rd2 32. a3+ Kb3 33. Rxf7 Kxa3 34. Rxh7 Rf2 35. Kg4 Kb4 36. h4 Rf8 37. Kh5 Rg8 38. g4 Kc5 39. g5 Kd6 40. Kh6 Ke6 41. g6 Kf6 42. Rf7+ Ke6 43. Rg7 Rh8+ 44. Rh7 Rg8 45. h5 Kf6 46. Rf7+ Ke6 47. Kh7 Ra8 48. h6 Rb8 49. Kg7 Re8 50. h7 Rc8 51. h8=Q Rxh8 52. Kxh8 Kd6 53. g7 Ke6 54. Rf8 Ke7 55. g8=Q Kd7 56. Qg7+ Ke6 57. Rf6+ Ke5 58. Qg5+ Ke4 59. Rf4+ Kd3 60. Qg3+ Kc2 61. Rf2+ Kc1 62. Qg1# 1-0

[Event "Junior Online 4NCL Division 3"]
[Site "online"]
[Date "2021.09.30"]
[EventDate "2021.09.30"]
[Round "4.104"]
[White "Srinivasan, Gowri"]
[WhiteElo "1205"]
[WhiteTeam "Edgware Gambits D"]
[Black "Ryan, Tabitha"]
[BlackElo "1435"]
[BlackTeam "Young Dragons B"]
[Result "0-1"]
[PlyCount "50"]

1. d4 d5 2. Nc3 Nf6 3. Nf3 Bf5 4. Bf4 e6 5. e3 Bd6 6. Bg3 Qe7 7. Bd3 Bg6 8. h4 Bxg3 9. fxg3 Qd6 10. Ne5 Nbd7 11. Qe2 Nxe5 12. dxe5 Qxe5 13. O-O-O Bh5 14. Qf2 Bxd1 15. Rxd1 Ng4 16. Qf3 Qxe3+ 17. Qxe3 Nxe3 18. Rg1 c6 19. Kd2 d4 20. Ne2 e5 21. c3 c5 22. cxd4 cxd4 23. Rc1 Kd7 24. Bb5+ Kd6 25. Kd3 Rac8 0-1

[Event "Junior Online 4NCL Division 3"]
[Site "online"]
[Date "2021.09.30"]
[EventDate "2021.09.30"]
[Round "4.105"]
[White "Zhou, Richard"]
[WhiteElo "1300"]
[WhiteTeam "Edgware Gambits D"]
[Black "Chung, Daniel"]
[BlackElo "1479"]
[BlackTeam "Young Dragons B"]
[Result "0-1"]
[PlyCount "64"]

1. d4 Nf6 2. c4 g6 3. Nc3 Bg7 4. Bg5 O-O 5. e3 d6 6. Bd3 Bg4 7. Qc2 c5 8. f3 Bd7 9. O-O-O cxd4 10. exd4 Nc6 11. Bxf6 Bxf6 12. g4 Bxd4 13. Nge2 Be3+ 14. Kb1 Nb4 15. Qb3 Nxd3 16. Rxd3 Bb6 17. h4 Qc7 18. h5 Bc6 19. Na4 Rfd8 20. Nxb6 Qxb6 21. Qxb6 axb6 22. hxg6 fxg6 23. Nd4 Ra4 24. b3 Ra7 25. Rd2 Rf8 26. Rdh2 Rf7 27. g5 Ra8 28. Nxc6 bxc6 29. f4 e5 30. fxe5 dxe5 31. Re2 Re8 32. Rhe1 Rf5 0-1

[Event "Junior Online 4NCL Division 3"]
[Site "online"]
[Date "2021.09.30"]
[EventDate "2021.09.30"]
[Round "4.106"]
[White "Davies, Milo"]
[WhiteElo "1482"]
[WhiteTeam "Young Dragons B"]
[Black "Jowell, Leo"]
[BlackElo "1291"]
[BlackTeam "Edgware Gambits D"]
[Result "1-0"]
[PlyCount "85"]

1. e4 c5 2. c3 g6 3. d4 cxd4 4. cxd4 Bg7 5. e5 d6 6. f4 dxe5 7. fxe5 Nc6 8. Nf3 Nh6 9. Nc3 O-O 10. Bc4 Nf5 11. O-O Nfxd4 12. Nxd4 Nxd4 13. Be3 Bxe5 14. Bh6 Bg7 15. Bxg7 Kxg7 16. Qd3 Bf5 17. Qd2 Qb6 18. Kh1 Rad8 19. Nd5 Qc5 20. Rac1 Be6 21. Bb3 Qb5 22. Qxd4+ f6 23. Nc7 Rxd4 24. Nxb5 Bxb3 25. Nxd4 Bxa2 26. Rc7 Rf7 27. Rxb7 Bc4 28. Re1 Bd5 29. Rbxe7 a6 30. Ne6+ Bxe6 31. R1xe6 Rxe7 32. Rxe7+ Kh6 33. Ra7 f5 34. Rxa6 f4 35. Kg1 f3 36. gxf3 Kh5 37. b4 h6 38. b5 g5 39. b6 Kh4 40. b7 g4 41. b8=Q h5 42. Ra5 Kh3 43. Qg3# 1-0

[Event "Junior Online 4NCL Division 3"]
[Site "online"]
[Date "2021.09.30"]
[EventDate "2021.09.30"]
[Round "4.107"]
[White "Dalah, Jacob"]
[WhiteElo "1125"]
[WhiteTeam "Edgware Gambits D"]
[Black "Nukalapati, Sarthak"]
[BlackElo "1493"]
[BlackTeam "Young Dragons B"]
[Result "1-0"]
[PlyCount "59"]

1. e4 e5 2. Nf3 Nc6 3. d4 exd4 4. Nxd4 Nf6 5. Nxc6 bxc6 6. e5 Nd5 7. c4 Nb6 8. a4 d6 9. a5 Nd7 10. e6 fxe6 11. Bh6 gxh6 12. Qh5+ Ke7 13. Qh4+ Nf6 14. Ra3 Bg7 15. Rg3 Qf8 16. Nc3 Kd7 17. c5 d5 18. Nb5 cxb5 19. Bxb5+ c6 20. Bxc6+ Kxc6 21. Qa4+ Kc7 22. Qb5 Rb8 23. Qa4 Rg8 24. Qf4+ Kb7 25. Rb3+ Kc6 26. Qa4+ Kc7 27. Qf4+ Kd8 28. Rxb8 Qxc5 29. O-O Nd7 30. Rc1 1-0

[Event "Junior Online 4NCL Division 3"]
[Site "online"]
[Date "2021.09.30"]
[EventDate "2021.09.30"]
[Round "4.108"]
[White "Ryan, Tabitha"]
[WhiteElo "1435"]
[WhiteTeam "Young Dragons B"]
[Black "Srinivasan, Gowri"]
[BlackElo "1205"]
[BlackTeam "Edgware Gambits D"]
[Result "1-0"]
[PlyCount "47"]

1. d4 d5 2. Nf3 Nf6 3. Bf4 Nc6 4. e3 Bf5 5. Bd3 Bg6 6. Qe2 e6 7. Nbd2 Bd6 8. Bg3 Qe7 9. c4 dxc4 10. Nxc4 O-O-O 11. Nxd6+ cxd6 12. O-O e5 13. Bb5 exd4 14. Bxc6 bxc6 15. Nxd4 Qd7 16. Rac1 c5 17. b4 h5 18. bxc5 dxc5 19. Rxc5+ Kb7 20. Rc7+ Qxc7 21. Bxc7 Kxc7 22. Rc1+ Kd7 23. Qb5+ Ke7 24. Nc6+ 1-0

[Event "Junior Online 4NCL Division 3"]
[Site "online"]
[Date "2021.09.30"]
[EventDate "2021.09.30"]
[Round "4.112"]
[White "Nilim, Armaan"]
[WhiteElo "1327"]
[WhiteTeam "JHJ Shark Tank 6"]
[Black "Khan, Leo"]
[BlackElo "1623"]
[BlackTeam "Leeds Juniors 1"]
[Result "1/2-1/2"]
[PlyCount "55"]

1. d4 e5 2. dxe5 Nc6 3. Nf3 Qe7 4. Bf4 Qb4+ 5. Bd2 Qxb2 6. Nc3 Bb4 7. Rb1 Qa3 8. Rb3 Qa5 9. a3 Bxc3 10. Bxc3 Qc5 11. Bb4 Nxb4 12. axb4 Qe7 13. e4 b6 14. Bc4 Bb7 15. Bd5 c6 16. Bc4 O-O-O 17. Bd3 Qf8 18. O-O Ne7 19. Qa1 Kb8 20. Ra3 Nc8 21. c3 f6 22. exf6 Qxf6 23. c4 Qxa1 24. Raxa1 h6 25. Rfb1 d5 26. b5 dxc4 27. Bxc4 c5 28. Re1 1/2-1/2

[Event "Junior Online 4NCL Division 3"]
[Site "online"]
[Date "2021.09.30"]
[EventDate "2021.09.30"]
[Round "4.113"]
[White "Rowe, Angelica"]
[WhiteElo "1449"]
[WhiteTeam "Leeds Juniors 1"]
[Black "Pipalia, Rishi"]
[BlackElo "1310"]
[BlackTeam "JHJ Shark Tank 6"]
[Result "1-0"]
[PlyCount "97"]

1. e4 e5 2. Bc4 Bc5 3. Ne2 Nf6 4. d3 h6 5. O-O d6 6. Be3 Bb6 7. Bxb6 axb6 8. f4 Nc6 9. Nbc3 Be6 10. Nd5 Bxd5 11. exd5 Ne7 12. Nc3 O-O 13. Qe1 exf4 14. Rxf4 Ng6 15. Rf3 Re8 16. Qd2 Re5 17. Raf1 Qd7 18. d4 Rg5 19. Bd3 Nxd5 20. Bxg6 fxg6 21. Nxd5 Rxd5 22. Qd3 Rg5 23. Qc4+ d5 24. Qb4 Qg4 25. Rg3 Qh5 26. Rxg5 Qxg5 27. c3 Qe3+ 28. Kh1 Qd3 29. Re1 Rxa2 30. Qb3 Ra5 31. Rd1 Qf5 32. c4 g5 33. Qb4 Qc2 34. Re1 Qxc4 35. Qd2 Kh7 36. h3 Ra4 37. Rc1 Qxd4 38. Qc2+ Qe4 39. Qxc7 Ra2 40. Qc3 Qf4 41. Qc2+ Qe4 42. Qb3 Ra6 43. Rc7 Qe1+ 44. Kh2 Qe5+ 45. Qg3 Qxb2 46. Qd3+ Kg8 47. Qxd5+ Kh7 48. Qf5+ Kg8 49. Rc8# 1-0